000 00305nam a22001337a 4500
008 180920b xxu||||| |||| 00| 0 eng d
020 _a9780691114156
041 _aeng
080 _a712
100 _a45
101 _aART
245 _aThe metropolitan Museum Of Art
_cBruttel.R.R
942 _2udc
_cBK
999 _c48139
_d48139